| 000 | 01072nam a2200253 i 4500 | ||
|---|---|---|---|
| 003 | DO-SdBNP | ||
| 005 | 20250606145408.0 | ||
| 007 | ta | ||
| 008 | 140217s2003 dr 000 0 spa d | ||
| 040 |
_aDO-SdBNP _bspa _cBNPHU _erda |
||
| 082 |
_axxx _bR426 _222 |
||
| 110 | 1 |
_aRepública Dominicana _9447 |
|
| 240 | 1 | 0 | _a[leyes,etc.] |
| 245 | 1 | 0 |
_aLey No. 72-02 del 7 de junio del 2002 : _bsobre lavado de activos provinientes del tráfico ilícito de drogas, sustancias controladas y otros infracciones graves / |
| 264 | 1 |
_aSanto Domingo : _b[editor no identificado], _c2003. |
|
| 300 |
_a53 páginas _c21 cm. |
||
| 336 |
_atexto _btxt _2rdacontent |
||
| 337 |
_asin mediación _bn _2rdamedia |
||
| 338 |
_avolumen _bnc _2rdacarrier |
||
| 505 | 0 |
_tReglamento de la Ley No. 72-02 sobre lavados de activos provinientes de tráfico ilícito de drogas, sustancias controladas y otras infracciones graves -- _tProcedimiento de funcionamiento de la oficina de custodia de los bienes embargados / |
|
| 590 | _aInventariado, 2023/ YL | ||
| 910 | _aYLockward | ||
| 942 |
_2ddc _cLBS1 |
||
| 999 |
_c54923 _d54923 |
||